Vista normal
Vista MARC
Entrada Materia (personas)
Número de registros utilizados en: 1
001 - CONTROL NUMBER
- control field: 84337
003 - CONTROL NUMBER IDENTIFIER
- control field: Co-BoUCM
005 - DATE AND TIME OF LATEST TRANSACTION
- control field: 20170222105544.0
008 - FIXED-LENGTH DATA ELEMENTS
- fixed length control field: 170222|| aca||aabn | a|a d
040 ## - CATALOGING SOURCE
- Original cataloging agency: Co-BoUCM
- Transcribing agency: Co-BoUCM
100 ## - HEADING--PERSONAL NAME
- Personal name: Braveman, Brent
670 ## - SOURCE DATA FOUND
- Source citation: Work cat.: (Co-BoUCM)90429: Braveman, Brent, Leading & managing occupational therapy services an evidence-based approach, 2016